000 00795nam a2200241Ii 4500
008 221202s xx 000 0 und d
100 1 _avan Latesteijn, H.C.,
_eauthor
245 0 _aLand use in Europe. A methodology for policy-oriented future studies
264 _bWRR
_c1999
300 _a1 online resource (175 pages)
336 _atext
_btxt
_2rdacontent
337 _acomputer
_bc
_2rdamedia
338 _aonline resource
_bcr
_2rdacarrier
490 _aVoorstudie
_v106
520 _aPolitical Science
653 _aExogeny
653 _aHectare
653 _aIrrigation
653 _aOverheidsbeleid
653 _aPolitical Science
856 _uhttps://library.oapen.org/bitstream/20.500.12657/34076/1/439706.pdfhttp://library.oapen.org/handle/20.500.12657/34076
942 _cE-BOOK
999 _c63609
_d63609